La milonga del último Tatú /
Guardado en:
| Autor Principal: | |
|---|---|
| Otros Autores: | |
| Formato: | Libro |
| Publicado: |
Buenos Aires :
Alfaguara,
2001.
|
| Series: | Alfaguara Infantil.
|
| Materias: | |
| Etiquetas: |
Agregar Etiqueta
Sin Etiquetas, Sea el primero en etiquetar este registro!
|
| LEADER | 00862nam a22002535a 4500 | ||
|---|---|---|---|
| 001 | CEM.cems019782 | ||
| 008 | 221020s2001##################000#0#####d | ||
| 005 | 20221020101113.0 | ||
| 245 | 1 | 0 | |a La milonga del último Tatú / |c Horacio López ; ilustrado por Claudio Spósito. |
| 260 | |a Buenos Aires : |b Alfaguara, |c 2001. | ||
| 300 | |a 94 p. | ||
| 490 | 0 | |a Alfaguara Infantil. | |
| 020 | |a 950511463X | ||
| 100 | 1 | |a López, Horacio. | |
| 700 | 1 | |a Spósito, Claudio. | |
| 082 | 0 | 4 | |a A863.4 |
| 653 | |a Literatura | ||
| 653 | |a Literatura argentina | ||
| 653 | |a Novelas | ||
| 653 | |a Novela Infantil | ||
| 653 | |a Literatura juvenil | ||
| 859 | |a CEMS |b BIB. CEMS - Inicial y Primaria |h A863.4 |i L881 |k IP |p 1967 |t Ej.1 | ||
| 859 | |a CEMS |b BIB. CEMS - Inicial y Primaria |h A863.4 |i L881 |k IP |p 1968 |t Ej.2 | ||
| 859 | |a CEMS |b BIB. CEMS - Inicial y Primaria |h A863.4 |i L881 |k IP |p 2858 |t Ej.3 | ||
